Hunger Games Characters by Picture Quiz Stats

 Plays Quiz Updated Jul 15, 2019

Support Sporcle.
Go Orange.
Score 0/20 Timer 05:00
0 Plays Today
% Correct
Jennifer Lawrence as 'Katniss Everdeen'
98.8%
Josh Hutcherson as 'Peeta Mellark'
96.1%
Willow Shields as 'Primrose Everdeen'
92.8%
Liam Hemsworth as 'Gale Hawthorne'
91.9%
Donald Sutherland as 'President Coriolanus Snow'
90.6%
Amandla Stenberg as 'Rue'
89.4%
Woody Harrelson as 'Haymitch Abernathy'
88%
Elizabeth Banks as 'Effie Trinket'
84.5%
Lenny Kravitz as 'Cinna'
81.3%
Alexander Ludwig as 'Cato'
76%
% Correct
Jacqueline Emerson as 'Foxface'
75.4%
Dayo Okeniyi as 'Thresh'
71.2%
Leven Rambin as 'Glimmer'
69.8%
Paula Malcomson as 'Mrs. Everdeen'
63.1%
Isabelle Fuhrman as 'Clove'
63%
Stanley Tucci as 'Caesar Flickerman'
57.9%
Wes Bentley as 'Seneca Crane'
56.6%
Jack Quaid as 'Marvel'
54.3%
Latarsha Rose as 'Portia'
38.5%
Toby Jones as 'Claudius Templesmith'
28%

You're not logged in!

Compare scores with friends on all Sporcle quizzes.
OR
Log In
Forgot?

From the Vault

Comes After 'To'

by manonthemoon

Language 90s
Two twos don't make a tutu!
Remove Ads.
Support Sporcle.
Get the best of Sporcle when you Go Orange. This ad-free experience offers more features, more stats, and more fun while also helping to support Sporcle. Thank you for becoming a member.

Show Comments

Extras

Top Quizzes Today


Score Distribution

Your Account Isn't Verified!

In order to create a playlist on Sporcle, you need to verify the email address you used during registration. Go to your Sporcle Settings to finish the process.

Report this User

Report this user for behavior that violates our Community Guidelines.

Details: